| 000 | 00737nam a2200241 a 4500 | ||
|---|---|---|---|
| 005 | 20221108063508.0 | ||
| 008 | 010910s1993 r 000 0 eng d | ||
| 020 | _a9505185316 | ||
| 035 | _aUPN01000111091 | ||
| 049 | _aCG | ||
| 050 | 4 |
_aRC480.55 _bS5.318 |
|
| 100 | 1 | _aSifneos, Peter Emanuel | |
| 245 | 1 | 0 |
_aPsicoterapia breve con provocación de angustia : _bmanual de tratamiento / _cPeter E. Sifneos ; tr. Zoraida J. Valcárcel |
| 260 |
_aBuenos Aires : _bAmorrortu, _c1993 |
||
| 300 | _a268 p. | ||
| 440 | 0 | _aBiblioteca de psicología y psicoanálisis | |
| 650 | 2 |
_aPsicoterapia breve _923853 |
|
| 650 | 4 | _aPSICOTERAPIA PSICODINAMICA | |
| 650 | 4 | _aTERAPEUTICA | |
| 901 | _a183818 | ||
| 902 | _aMITM/cav | ||
| 905 | _aLibro | ||
| 999 |
_c85000 _d85000 |
||